Alphabet city / (Record no. 3789)

MARC details
000 -LEADER
fixed length control field 00856cam a2200265 a 4500
005 - DATE AND TIME OF LATEST TRANSACTION
control field 20240507145327.0
020 ## - INTERNATIONAL STANDARD BOOK NUMBER
International Standard Book Number 9780140559040
040 ## - CATALOGING SOURCE
Original cataloging agency DLC
Transcribing agency DLC
Modifying agency DLC
Language of cataloging eng
050 00 - LIBRARY OF CONGRESS CALL NUMBER
Classification number PE1155.J645
Item number 1995
082 00 - DEWEY DECIMAL CLASSIFICATION NUMBER
Classification number 421.1
100 1# - MAIN ENTRY--PERSONAL NAME
Personal name Johnson, Stephen
Dates associated with a name 1964-
245 10 - TITLE STATEMENT
Title Alphabet city /
Statement of responsibility, etc. Stephen T. Johnson.
260 ## - PUBLICATION, DISTRIBUTION, ETC.
Place of publication, distribution, etc. New York :
Name of publisher, distributor, etc. Puffin Books ;
Date of publication, distribution, etc. 1995
300 ## - PHYSICAL DESCRIPTION
Extent 32 unnumbered pages :
Other physical details color illustrations ;
Dimensions 28 cm.
505 ## - FORMATTED CONTENTS NOTE
Formatted contents note K <br/>
520 ## - SUMMARY, ETC.
Summary, etc. Paintings of objects in an urban setting present the letters of the alphabet.
521 1# - TARGET AUDIENCE NOTE
Target audience note 510 <br/>
Source Lexile estimate <br/>
521 1# - TARGET AUDIENCE NOTE
Target audience note K <br/>
Source Raz-Plus <br/>
650 #0 - SUBJECT ADDED ENTRY--TOPICAL TERM
Topical term or geographic name entry element English language
General subdivision Alphabet
-- Juvenile literature.
650 #0 - SUBJECT ADDED ENTRY--TOPICAL TERM
Topical term or geographic name entry element City and town life
General subdivision Juvenile literature.
650 #1 - SUBJECT ADDED ENTRY--TOPICAL TERM
Topical term or geographic name entry element Alphabet.
906 ## - LOCAL DATA ELEMENT F, LDF (RLIN)
a 7
b cbc
c orignew
d 1
e ocip
f 19
g y-gencatlg
942 ## - ADDED ENTRY ELEMENTS (KOHA)
Source of classification or shelving scheme Dewey Decimal Classification
Koha item type Books
Suppress in OPAC No
999 ## -
-- 3789
-- 3789
Holdings
Withdrawn status Lost status Source of classification or shelving scheme Damaged status Not for loan Home library Current library Shelving location Date acquired Total Checkouts Full call number Barcode Date last seen Price effective from Koha item type
    Dewey Decimal Classification     Footprints International School Library Network Toul Kork Campus Footprints International School Library Network Toul Kork Campus   05/07/2024   JOH 421.1 PE1155.J645 FISTK02415 05/07/2024 05/07/2024 Books